Responses for Show #3607 - Tuesday, April 18, 2000

Contestants

[<< previous game]

Meri-Jane Rochelson, a college professor from Miami, Florida

Rishi Bhandari, a first-year law student from New York City, New York

Jason Karpf, a realtor from Thousand Oaks, California (whose 2-day cash winnings total $19,999)

[next game >>]

Jeopardy! Round responses

THE PASSOVER SEDER
SMITH & JONES
IT AIN'T ENGLISH
(Alex: We'll give you an expression in a foreign language and you give its English meaning.)
LITERARY LAST WORDS
ASSUME THE POSITION
I'M SUCH A FUNGI
    $100 6
front door

Jason
    $100 13
Shirley Jones

Meri-Jane
    $100 14
pen name

Meri-Jane
    $100 18
(Rishi: Who is Tom Sawyer?)

Huckleberry Finn

JasonRishi
    $100 1
catcher

Jason
    $100 27
yeast

Jason
    $200 7
egg

Rishi
    $200 19
John Paul Jones

Jason
    $200 9
see you tomorrow

Jason
    $200 22
(Meri-Jane: Who is, uh, The Prime of Miss Jean Brodie?)

Little Women

RishiMeri-Jane
    $200 2
midfielders

Jason
    $200 28
toadstool

Rishi
    $300 10
Egypt

Jason
    $300 20
George Jones

Jason
    $300 15
(unknown, uncharted) unfamiliar territory

Jason
    $300 24
A Tale of Two Cities

Meri-Jane
    $300 3
wing

Jason
    $300 30
truffles

Jason
    $400 11
matzah

Jason
    $400 8
(Meri-Jane: Ugh, I'm sorry, I don't know.)

James Jones

Meri-Jane
Triple Stumper
    $400 16
(Alex: In Japanese.)

thank you

Jason
    $400 25
The Iliad

Meri-Jane
    $400 4
tackle

Jason
    $400 29
spores

Jason
    $500 12
4

Meri-Jane
    $500 21
Maggie Smith

Jason
    $500 17
(Alex: In Russian.)

comrade

Meri-Jane
    $500 26
Ulysses

Meri-Jane
    $1,000 5
(Jason: Ugho, what is... um...)
(Alex: Say something.)
(Jason: Batman?)
...
(Alex: Well, you know, you're now tied with Rishi and Meri-Jane for the lead.)
(Jason: Sounds good.)

batsman

Jason
    $500 23
dry rot

Meri-Jane

Scores at the first commercial break (after clue 14):

Jason Rishi Meri-Jane
$1,000 $200 $300

Scores at the end of the Jeopardy! Round:

Jason Rishi Meri-Jane
$3,600 $500 $2,300

Double Jeopardy! Round responses

THE EASTERN HEMISPHERE
CANDYGRAM!
(Alex: Name the candy that might send each one.)
MEDICAL CENTER
ROCK ALL OVER
STILL THE I
LET'S "PAL" AROUND
    $200 2
Dead Sea

Meri-Jane
    $200 3
The Three Musketeers

Jason
    $200 30
(Rishi: [sounded like?] What is the Rhone?)

blade

Rishi
Triple Stumper
    $200 7
Rocky Horror Picture Show

Jason
    $200 16
Elizabeth I

Meri-Jane
    $200 17
palpitation

Meri-Jane
    $400 1
Turkey

Jason
    $400 12
Kit Kat

Jason
    $400 29
blood

Jason
    $400 8
Jimmy Buffett

Jason
    $400 22
John Paul I

Jason
    $400 18
pallet

Meri-Jane
    $600 4
Rhine

Jason
    $2,000 13
Baby Ruth

Jason
    $1,000 28
the Heimlich

Jason
    $600 9
The Sex Pistols

Jason
    $600 23
King Hussein

Jason
    $600 19
palindrome

Meri-Jane
    $800 5
Urals

Meri-Jane
    $800 14
Jellybean (Benitez)

Triple Stumper
    $800 27
teeth

Jason
    $800 10
kangaroo

Jason
    $800 24
(Rishi: Who is Alexander I?)

Nicholas I

RishiMeri-Jane
    $800 20
palaver

Meri-Jane
    $1000 6
Sumatra

Jason
    $1000 15
Heath

Jason
    $1000 26
ear, nose, throat

Rishi
    $1000 11
(Alex: Boy, you know your rock music.)
[Applause]
(Jason: Thank you.)

"Car Wash"

Jason
    $1000 25
(Rishi: Who is John?)

Rudolf

JasonRishi
    $1000 21
(Jason: What's a palladium?)
(Rishi: What's a palace?)
...
(Alex: [*] , yes. Italian name. And you ran the category although it got a little sticky around the end.)
[Applause]

palazzo

JasonRishiMeri-Jane

Scores at the end of the Double Jeopardy! Round:

Jason Rishi Meri-Jane
$15,400 -$1,500 $7,300
(lock game)

[wagering suggestions for these scores]

Final Jeopardy! Round responses

WORLD WAR II BATTLES
[After Jason's winning total was given he fist pumped, smiled and nodded towards the audience.]
(Alex: Are you starting to look ahead to that Tournament of Champions? Or at least thinking about it?)
Meri-JaneWhat is Corregidor?
$700
JasonWhat is Midway?
$600
Midway

Final scores:

Jason Rishi Meri-Jane
$16,000 -$1,500 $6,600
3-day champion: $35,999 3rd place: Nokia wireless phone 2nd place: Intel AllPoint home network

Game dynamics:

Coryat scores:

Jason Rishi Meri-Jane
$14,600 -$1,500 $7,300
35 R
(including 2 DDs),
2 W
(including 1 DD)
4 R,
5 W
17 R,
2 W

Combined Coryat: $20,400

[game clues] [game scores] [suggest correction]

Game tape date: Unknown
The J! Archive is created by fans, for fans. Scraping, republication, monetization, and malicious use prohibited; this site may use cookies and collect identifying information. See terms. The Jeopardy! game show and all elements thereof, including but not limited to copyright and trademark thereto, are the property of Jeopardy Productions, Inc. and are protected under law. This website is not affiliated with, sponsored by, or operated by Jeopardy Productions, Inc. Join the discussion at JBoard.tv.